Pays européens se terminant par "ie" - Statistiques

Statistiques générales
  • Ce quiz a été pris 27 417 fois
    27 056 depuis la dernière actualisation
  • Le résultat moyen est 13 sur 15
Statistiques - réponses
Pays % Correct
Lituanie
92%
Estonie
91%
Lettonie
91%
Slovaquie
90%
Italie
89%
Slovenie
89%
Albanie
87%
Russie
86%
Croatie
85%
Hongrie
85%
Roumanie
85%
Bulgarie
84%
Serbie
82%
Biélorussie
80%
Moldavie
76%
Aucun quiz correspondant
Distribution des résultats
% des personnes avec chaque résultat
Percentile par nombre de réponses
Votre historique - résultats
Vous n’avez pas pris ce quiz depuis la dernière actualisation